000 01447nam a22002417a 4500
003 OSt
005 20220913154115.0
008 220913s2009 sp ||||gr|||| 00| 0 spa d
020 _a9788496981324
040 _aCO-JMCR
_cCO-JMCR
041 0 _aspa
082 0 4 _a610.6 /
_bF939m
_223
100 1 _aFrouchtmann, Susana,
_eautora
_942356
245 1 0 _aMi cáncer y yo :
_bvolver a vivir /
_cSusana Frouchtmann
250 _aPrimera edición
260 _aBarcelona :
_bPlataforma Editorial,
_c2009
300 _a132 páginas ;
_c22 cm.
490 0 _aPlataforma testimonio
505 0 _aLa detección -- La operación -- El tratamiento -- Recuperación
520 3 _aAl caer enferma de cáncer, la autora, que había visto fallecer a su padre y hermana aquejados de la misma enfermedad, se enfrentó a la misma empleando la máxima fuerza, mental y física, y recurriendo a la biomedicina. Fruto de esa experiencia superada, surge este libro en el que relata aspectos que tal vez nadie se atreve a contar y para los que hay que estar preparados. Asimismo, proyecta su vivo deseo, que es infundir ánimo, fuerza y una buena dosis de humor, actitudes que ayudan a relativizar el ego, que suele quedar muy maltrecho por la enfermedad. Un fantástico relato que también recorre los afectos, la intimidad y, finalmente, la apasionante aventura de querer volver a vivir.
650 1 4 _aCáncer
_xAspectos psicológicos
_942357
942 _2ddc
_cBK
999 _c29746
_d16130